Échecs: Ne te fais pas capturer #6 - Mort subite - Statistiques

Statistiques générales
  • Ce quiz a été pris 719 fois
  • Le résultat moyen est 14 sur 28
Answers on the Grid
Answers color-coded by a green-red scale on the quiz's grid according to % correct below.
a8
b8
c8
d8
e8
f8
g8
h8
a7
b7
c7
d7
e7
f7
g7
h7
a6
d6
e6
f6
g6
h6
a5
b5
g5
h5
a4
b4
d4
f4
g4
h4
a3
f3
g3
h3
a2
b2
c2
d2
e2
f2
g2
h2
a1
b1
c1
d1
e1
f1
g1
h1
 
Statistiques - réponses
Réponse % Correct
a7
61%
h8
57%
g6
56%
c8
55%
a1
55%
g8
54%
h1
54%
h7
54%
a5
54%
c1
54%
g4
53%
d8
53%
f8
53%
g1
53%
g5
53%
h5
52%
e1
52%
f6
52%
f1
51%
h2
51%
f7
50%
e6
49%
g2
49%
h3
48%
c7
48%
f4
45%
d2
42%
f2
42%
Aucun quiz correspondant
Distribution des résultats
% des personnes avec chaque résultat
Percentile par nombre de réponses
Votre historique - résultats
Vous n’avez pas pris ce quiz